| LEADER 00000nam 2200000uu 4500 |
| 001 208743 |
| 003 ULIBM |
| 008 121121s2555||||th 000 0 tha d |
| 020 ^a9786161111212
|
| 040 ^abcnkk
|
| 041 0 ^atha
|
| 050 4 ^aHF5437 ม111ก 2555
|
| 100 0 ^aมกราพันธุ์ จูฑระสก
|
| 245 10 ^aการจัดซื้อที่ดินโดยวิธีพิเศษ : ^bบริบทวิทยาลัยพยาบาลบรมราชชนนี ขอนแก่น./^cมกราพันธุ์ จูฑระสก
|
| 250 ^aพิมพ์ครั้งที่ 1
|
| 260 ^aขอนแก่น : ^bวิทยาลัยพยาบาลบรมราชชนนี ขอนแก่น,^c2555
|
| 300 ^a131 หน้า;^bภาพประกอบ
|
| 650 4 ^aพัสดุ ^xการจัดซื้อ
|
| 650 4 ^aพัสดุ ^xการบริหาร
|
| 710 2 ^aขอนแก่น. วิทยาลัยพยาบาลบรมราชชนนี.
|
| 999 ^aใช้งานได้ทุกระบบ
|